| 000 | 00792nam a22002177a 4500 | ||
|---|---|---|---|
| 999 |
_c4189 _d4189 |
||
| 003 | AR-CdUCM | ||
| 008 | 190308b ||||| |||| 00| 0 spa d | ||
| 020 | _a978-612-00-0920-8 | ||
| 040 |
_aMUNICIPALIDAD PROVINCIAL DEL CUSCO _cBIBLIOTECA MUNICIPAL DEL CUSCO |
||
| 082 |
_a755.9856 / _bH56 |
||
| 100 |
_aHinojosa Gálvez, Alfredo _97253 |
||
| 245 | _aLa pintura cusqueña en la ideología andina / | ||
| 260 |
_aLima : _bSúper gráfica, _c2012. |
||
| 300 |
_a376 páginas ; _bImágenes. _c24.5 cm. |
||
| 505 | _aContenido: Historiografía andina -- El templo de la Sagrada Familia -- La catedral de la ciudad del Cusco -- La iglesia del Triunfo. | ||
| 650 |
_aPintura religiosa _95652 |
||
| 650 |
_aCusco _9772 |
||
| 650 |
_aArte pictórico _913278 |
||
| 942 |
_2ddc _cLIBROS |
||
| 945 | _aafb | ||